Statistiken für IKEA-Standorte Deutschland

Klicken Sie hier um das Quiz zu spielen!

Allgemein

  • Dieses Quiz wurde 108 mal gespielt
    (69 seit der letzten Aktualisierung)
  • Das Durchschnittsergebnis liegt bei 34 aus 54

Antwortstatistiken

EröffnungVerkaufsflächeAntwort% Korrekt
201043.000Berlin-Lichtenberg
100%
1979/200236.300Berlin-Spandau
100%
200337.000Berlin-Tempelhof (Berlin-Schöneberg)
100%
199325.000Berlin-Waltersdorf (Schönefeld)
100%
198931.200Hamburg-Schnelsen
98%
200235.600Hamburg-Moorfleet
98%
201418.000Hamburg-Altona
98%
1974/200132.300München-Eching (Eching)
95%
1975/200636.900Köln-Godorf
95%
200942.700Köln-Am Butzweilerhof
95%
200337.700München-Brunnthal (Taufkirchen)
95%
1981/200434.600Nürnberg/Fürth (Fürth)
90%
199939.000Düsseldorf
90%
200127.500Dresden
90%
199423.100Halle/Leipzig (Leuna)
89%
1999/200729.500Dortmund
87%
200636.000Hannover EXPO-Park
87%
200735.000Frankfurt
85%
197621.700Bremen-Brinkum
85%
200229.300Kiel
82%
200728.000Rostock
79%
199322.800Essen
76%
200528.200Erfurt
71%
1981/200726.800Freiburg
71%
1980/199425.300Kassel
71%
201718.000Magdeburg
71%
200631.000Augsburg (Gersthofen)
69%
200434.600Mannheim
69%
1993/200227.000Braunschweig
69%
199420.400Chemnitz
68%
1996/2002/201729.000Bielefeld
68%
200531.700Duisburg
65%
200629.300Koblenz
58%
201425.500Lübeck
55%
2003/200630.700Ulm
53%
200528.000Osnabrück
52%
200124.300Regensburg
52%
201625.500Wuppertal
47%
201524.000Kaiserslautern
47%
200936.000Würzburg
42%
200737.000Oldenburg
42%
201518.000Bremerhaven
34%
199722.300Hanau
29%
200524.900Siegen
29%
1998/200832.200Ludwigsburg
26%
1978/200429.100Kamen
16%
198125.000Walldorf
13%
1981/200724.600Saarlouis
11%
1997/200834.300Sindelfingen
11%
1976/200024.600Großburgwedel
8%
1977/200134.300Wallau (Hofheim am Taunus)
8%
201718.000Wetzlar
8%
201725.000Kaarst (Neubau)
5%
197913.000Kaarst
5%

Verteilung der Resultate

Perzentil nach korrekt beantworteten Fragen

Anzahl Personen mit jedem Resultat

Ihre Resultats-Entwicklung

Sie haben dieses Quiz seit der letzten Aktualisierung nicht gespielt